00413 2200169 4500001002100000005001500021008004100036020002200077035001900099041000700118082001000125090001000135100001500145245002600160260003100186300002600217INLIS00000000001298820241224114453241224||||||||| | ||| |||| || |  a978-979-077-512-1 0010-1224012988 aid0 a629.2 a629.20 aEdi Widodo00aOTOMOTIF Sepeda motor aBandungbYrama Widyac2011 avi+114hlm;12,5x19,5cm